| 000 | 00524nam a22001697a 4500 | ||
|---|---|---|---|
| 008 | 151120b xxu||||| |||| 00| 0 eng d | ||
| 020 | _a0030210925 | ||
| 041 | 0 | _aeng | |
| 080 | _a658.15 | ||
| 100 | 1 | _aJackson, Steve, | |
| 245 | 1 | 0 |
_aManagerial accounting : _cSteve Jackson, Roby Sawyers. |
| 260 |
_aFort Worth , TX : _bHarcourt College Publishers, _c2001. |
||
| 300 |
_axxxii, 486 f. : _bme il.; _c29 cm. |
||
| 650 | 0 | _aKontabilitet menaxherial | |
| 700 | 1 | _aSawyers, Roby. | |
| 942 |
_2udc _cBK |
||
| 999 |
_c1377 _d1377 |
||